Central Library OPAC University of Rajshahi

A history of numerical analysis from the 16th through the l9th century / (Record no. 68671)

MARC details
000 -LEADER
fixed length control field 00948nam a2200277 a 4500
001 - CONTROL NUMBER
control field 68671
003 - CONTROL NUMBER IDENTIFIER
rucl marc code BD-RjUL
005 - DATE AND TIME OF LATEST TRANSACTION
control field 20211209081810.0
008 - FIXED-LENGTH DATA ELEMENTS--GENERAL INFORMATION
fixed length control field 170404s1977 nyua b 001 0 eng d
020 ## - INTERNATIONAL STANDARD BOOK NUMBER
International Standard Book Number 0387902775
International Standard Book Number 3540902775
035 ## - SYSTEM CONTROL NUMBER
System control number (BD-RjUL)68881
040 ## - CATALOGING SOURCE
Original cataloging agency DLC
Transcribing agency DLC
Modifying agency DLC
Language of cataloging eng
041 ## - LANGUAGE CODE
Language code of text/sound track or separate title eng
082 00 - DEWEY DECIMAL CLASSIFICATION NUMBER
Edition number 23
Classification number 518
Author mark and year GOH 1977
100 1# - MAIN ENTRY--PERSONAL NAME
Personal name Goldstine, Herman H.
Dates associated with a name 1913-
9 (RLIN) 203535
245 12 - TITLE STATEMENT
Title A history of numerical analysis from the 16th through the l9th century /
Statement of responsibility, etc. Herman H. Goldstine.
260 ## - PUBLICATION, DISTRIBUTION, ETC. (IMPRINT)
Place of publication, distribution, etc. New York :
Name of publisher, distributor, etc. Springer-Verlag,
Date of publication, distribution, etc. c1977.
300 ## - PHYSICAL DESCRIPTION
Pagination xiv, 348 p. :
Illustrations ill. ;
Size 24 cm.
504 ## - BIBLIOGRAPHY, ETC. NOTE
Bibliography, etc Includes Bibliographies p. [316]-335 and index.
650 #0 - SUBJECT ADDED ENTRY--TOPICAL TERM
Topical term or geographic name as entry element Numerical analysis
9 (RLIN) 203537
830 ## - SERIES ADDED ENTRY--UNIFORM TITLE
Uniform title Studies in the history of mathematics and physical sciences ;
Volume number/sequential designation 2
942 ## - ADDED ENTRY ELEMENTS (KOHA)
Source of classification or shelving scheme Dewey Decimal Classification
Koha item type Books
Holdings
Lost status Source of classification or shelving scheme Damaged status Not for loan Collection code Permanent Location Current Location Shelving location Date acquired Source of acquisition Cost, normal purchase price Total Checkouts Full call number Date last seen Copy number Koha item type
  Dewey Decimal Classification   Not For Loan Non-fiction Central Library, University of Rajshahi Central Library, University of Rajshahi Reading Room 23/04/1984 Tuppa Co., Sing. 31.70   518 GOH 1977 04/04/2017 C-1 Books